| 000 | 00448nam a2200181Ia 4500 | ||
|---|---|---|---|
| 001 | 20312 | ||
| 008 | 140408s9999 xx 000 0 und d | ||
| 020 | _a0-553-84007-x | ||
| 040 | _cPK-LaUMT | ||
| 082 |
_a 152.4 _bGOL-E |
||
| 100 | _aDaniel Goleman | ||
| 245 |
_aEmotional intelligence _cDaniel Goleman |
||
| 260 |
_aNew York,USA: _bBantam Books, _c1995 |
||
| 300 | _a413 p. | ||
| 546 | _aEN | ||
| 650 | _aEmotional intelligence | ||
| 942 | _cBK | ||
| 999 |
_c20658 _d20658 |
||